Theories of economic growth and regional disparities

Uložené v:
Podrobná bibliografia
Hlavný autor: Nedomlelová, Iva
Médium: Kapitola
Jazyk:English
Tagy: Pridať tag
Žiadne tagy, Buďte prvý, kto otaguje tento záznam!

MARC

LEADER 00000nla$a2200000$$$4500
001 0149413
005 20221007085825.4
041 0 |a eng 
044 |a SK 
245 1 0 |a Theories of economic growth and regional disparities  |c Iva Nedomlelová 
100 1 |a Nedomlelová, Iva